[Event "Canberra"]
[Site "?"]
[Date "2004.04.12"]
[Round "7.22"]
[White "Song Angela"]
[Black "Moylan Laura"]
[Result "0-1"]
[WhiteElo "1806"]
[BlackElo "2100"]
[PlyCount "120"]
[EventDate "2004.??.??"]
[Source "www.chesslib.no"]
[SourceDate "2004.05.04"]

1. e4 c5 2. Nf3 d6 3. d4 cxd4 4. Nxd4 Nf6 5. Nc3 g6 6. f4 Nbd7 7. Nf3 Nc5 8. e5 Nfe4 9. Nxe4 Nxe4 10. Qd4 Qa5+ 11. c3 d5 12. Nd2 Nxd2 13. Bxd2 e6 14. c4 Bb4 15. cxd5 Bxd2+ 16. Qxd2 Qxd2+ 17. Kxd2 exd5 18. Rc1 Bd7 19. Be2 Bc6 20. Bf3 Ke7 21. Rhd1 Rhd8 22. Ke2 Rd7 23. Rc5 Rad8 24. Bg4 Rc7 25. b4 b6 26. Rcc1 Bb5+ 27. Kd2 Rxc1 28. Rxc1 Bc4 29. a3 b5 30. g3 a5 31. Be2 axb4 32. axb4 Ra8 33. Bxc4 dxc4 34. Kc3 Rd8 35. Rb1 Rd3+ 36. Kc2 Rf3 37. Rd1 Rb3 38. Rb1 Rxb1 39. Kxb1 Ke6 40. Kc2 Kf5 41. h3 g5 42. fxg5 Kxg5 43. e6 fxe6 44. Kc3 e5 45. Kd2 e4 46. Kc2 e3 47. Kc3 Kf5 48. Kc2 Ke4 49. g4 Kf4 50. Kc3 Kg3 51. g5 Kxh3 52. Kc2 Kg3 53. Kd1 Kf2 54. Kc2 e2 55. Kc3 e1=Q+ 56. Kd4 c3 57. Kc5 c2 58. Kxb5 c1=Q 59. g6 Qe5+ 60. Ka6 Qc6+ 0-1

[Event "Corr"]
[Site "?"]
[Date "1996.10.20"]
[Round "?"]
[White "Harkins Mike (SCO)"]
[Black "Deschamp Guy (BEL)"]
[Result "0-1"]
[WhiteElo "1790"]
[BlackElo "2080"]
[PlyCount "48"]
[EventDate "1996.??.??"]
[Source "www.chesslib.no"]
[SourceDate "2004.05.04"]

1. e4 c5 2. Nf3 d6 3. d4 cxd4 4. Nxd4 Nf6 5. Nc3 g6 6. f4 Nbd7 7. Nf3 Qc7 8. Bd3 Bg7 9. O-O O-O 10. Qe1 a6 11. Kh1 b5 12. e5 dxe5 13. Nxe5 Bb7 14. Nxd7 Nxd7 15. f5 Nc5 16. Bf4 Qc6 17. Qg3 Nxd3 18. cxd3 b4 19. Ne4 gxf5 20. Ng5 Qg6 21. Qf2 Rfd8 22. Rad1 e5 23. Bc1 f4 24. Nf3 Rxd3 0-1

[Event "France (nationale 2 clubs)"]
[Site "?"]
[Date "2004.??.??"]
[Round "1.5"]
[White "Saatdjian Stephane"]
[Black "Neuhauser Salome"]
[Result "1-0"]
[WhiteElo "1935"]
[BlackElo "1670"]
[PlyCount "39"]
[EventDate "2004.??.??"]
[Source "www.chesslib.no"]
[SourceDate "2004.05.04"]

1. e4 c5 2. Nf3 d6 3. d4 cxd4 4. Nxd4 Nf6 5. Nc3 g6 6. f4 Nbd7 7. Bb5 Bg7 8. e5 dxe5 9. fxe5 Ng8 10. e6 fxe6 11. Nxe6 Bxc3+ 12. bxc3 Qb6 13. Bc4 Ne5 14. Rb1 Qa5 15. Bb5+ Nd7 16. Bd2 Kf7 17. Qe2 Qxa2 18. O-O+ Ngf6 19. Nc7 Rb8 20. Bc4+ 1-0

[Event "Aix Les Bains FRA"]
[Site "?"]
[Date "2006.??.??"]
[Round "8.2"]
[White "Ferrer Lauriane"]
[Black "Neuhauser Salome"]
[Result "0-1"]
[WhiteElo "1540"]
[BlackElo "1798"]
[PlyCount "96"]
[EventDate "2006.??.??"]
[Source "www.chesslib.no"]
[SourceDate "2004.05.04"]

1. e4 c5 2. Nf3 d6 3. d4 cxd4 4. Nxd4 Nf6 5. Nc3 g6 6. f4 Nbd7 7. Bb5 a6 8. Ba4 b5 9. Bb3 Bb7 10. Bd5 Bxd5 11. exd5 Nb6 12. Nc6 Qc7 13. O-O b4 14. Nxb4 Qc5+ 15. Kh1 Qxb4 16. f5 Qc5 17. Qe1 Nbxd5 18. Nxd5 Qxd5 19. fxg6 hxg6 20. Rxf6 Bg7 21. Rf3 Be5 22. h3 Rc8 23. c3 Rc4 24. Bd2 Rg4 25. Qf2 Rgh4 26. Kg1 f6 27. Bf4 g5 28. Bxe5 dxe5 29. Rg3 Rf4 30. Qe2 a5 31. b3 Rhh4 32. Rd1 Qc5+ 33. Qe3 Qa3 34. Qe2 g4 35. Rxg4 Rfxg4 36. hxg4 Qc5+ 37. Qf2 Rh1+ 38. Kxh1 Qxf2 39. c4 Qxa2 40. Rc1 Qxb3 41. c5 Kd7 42. c6+ Kc7 43. Rc5 a4 44. g5 Qd1+ 45. Kh2 Qh5+ 46. Kg1 Qxg5 47. Kf2 Qf4+ 48. Ke1 Qe3+ 0-1